| 000 | 01342nam a2200337Ia 4500 | ||
|---|---|---|---|
| 001 | ebr10212545 | ||
| 003 | CaPaEBR | ||
| 006 | m u | ||
| 007 | cr cn||||||||| | ||
| 008 | 071105s2008 txu sb 001 0 eng d | ||
| 010 | _z 2007046037 | ||
| 020 | _z9781602580220 (pbk. : alk. paper) | ||
| 040 |
_aCaPaEBR _cCaPaEBR |
||
| 035 | _a(OCoLC)212927039 | ||
| 050 | 1 | 4 |
_aML3051.A37 _bK56 2008eb |
| 082 | 0 | 4 |
_a264/.2096 _222 |
| 100 | 1 |
_aKing, Roberta Rose, _d1949- |
|
| 245 | 1 | 0 |
_aMusic in the life of the African church _h[electronic resource] / _cRoberta R. King with Jean Ngoya Kidula, James R. Krabill, and Thomas Oduro. |
| 260 |
_aWaco, TX : _bBaylor University Press, _cc2008. |
||
| 300 | _axviii, 187 p. | ||
| 504 | _aIncludes bibliographical references (p. ) and index. | ||
| 533 |
_aElectronic reproduction. _bPalo Alto, Calif. : _cebrary, _d2009. _nAvailable via World Wide Web. _nAccess may be limited to ebrary affiliated libraries. |
||
| 650 | 0 |
_aLiturgics _zAfrica. |
|
| 650 | 0 |
_aChurch music _zAfrica. |
|
| 655 | 7 |
_aElectronic books. _2local |
|
| 700 | 1 | _aKidula, Jean Ngoya. | |
| 700 | 1 | _aKrabill, James R. | |
| 700 | 1 |
_aOduro, Thomas, _d1955- |
|
| 710 | 2 | _aebrary, Inc. | |
| 856 | 4 | 0 |
_uhttp://site.ebrary.com/lib/rucke/Doc?id=10212545 _zAn electronic book accessible through the World Wide Web; click to view |
| 999 |
_c126546 _d126546 |
||